Hospodársky rast v Latinskej Amerike a Karibiku: súčasný stav s dôrazom na historické súvislosti

Problematika hospodárskeho rastu v Latinskej Ameriky a Karibiku. Analýza vývoja hospodárskeho rastu v regióne a jeho význam pre LAC.

Salvato in:
Dettagli Bibliografici
Autore principale: Janubová, Barbora, 1991-
Natura: Capitolo di libro
Lingua:slovacco
Soggetti:
Tags: Aggiungi Tag
Nessun Tag, puoi essere il primo ad aggiungerne!!

MARC

LEADER 00000nla a2200000 4500
001 0240613
005 20240502073920.3
041 0 |a slo 
044 |a SK 
245 1 0 |a Hospodársky rast v Latinskej Amerike a Karibiku: súčasný stav s dôrazom na historické súvislosti  |c Barbora Janubová 
520 |a Problematika hospodárskeho rastu v Latinskej Ameriky a Karibiku. Analýza vývoja hospodárskeho rastu v regióne a jeho význam pre LAC. 
610 2 0 |a rast hospodársky 
610 2 0 |a politika medzinárodná 
610 2 0 |a Latinská Amerika 
610 2 0 |a Karibská oblasť 
100 1 |a Janubová, Barbora, 1991-